| 000 -LEADER |
| fixed length control field |
00630cam a2200193 a 4500 |
| 020 ## - INTERNATIONAL STANDARD BOOK NUMBER |
| ISBN |
1558150781 |
| 020 ## - INTERNATIONAL STANDARD BOOK NUMBER |
| ISBN |
1558150935 (pbk.) |
| 040 ## - CATALOGING SOURCE |
| Transcribing agency |
DLC |
| 082 00 - DEWEY DECIMAL CLASSIFICATION NUMBER |
| Classification number |
338 DIS 1991 A013 Or. |
| 245 00 - TITLE STATEMENT |
| Title |
Transitions in development : |
| Remainder of title |
the role of aid and commercial flows / |
| 260 ## - PUBLICATION, DISTRIBUTION, ETC. (IMPRINT) |
| Place of publication |
San Francisco, Calif. : |
| Name of publisher |
ICS Press; |
| Place of publication |
Lanham, Md.: |
| Name of publisher |
Distributed by National Book Network, |
| Year of publication |
c1991. |
| 300 ## - PHYSICAL DESCRIPTION |
| Number of Pages |
xx, 535 p. ; |
| Dimensions |
25 cm. |
| 500 ## - GENERAL NOTE |
| General note |
"An International Center for Economic Growth publication." |
| 650 #0 - SUBJECT ADDED ENTRY--TOPICAL TERM |
| Topical Term |
Economic assistance |
| 650 #0 - SUBJECT ADDED ENTRY--TOPICAL TERM |
| Topical Term |
Capital movements |
| 700 1# - ADDED ENTRY--PERSONAL NAME |
| Personal name |
Lele, Uma J. |
| 700 1# - ADDED ENTRY--PERSONAL NAME |
| Personal name |
Nabi, Ijaz. |
| 942 ## - ADDED ENTRY ELEMENTS (KOHA) |
| Koha item type |
សៀវភៅភាសាអង់គ្លេស |
| 952 ## - LOCATION AND ITEM INFORMATION (KOHA) |
| Withdrawn status [LOCAL, KOHA] |
0 |